[Event "Donner Memorial"]
[Site "Amsterdam"]
[Date "1995.??.??"]
[Round "3"]
[White "Salov, Valery"]
[Black "Nunn, John DM"]
[Result "1/2-1/2"]
[WhiteElo "2685"]
[BlackElo "2615"]
[Annotator "Salov,V"]
[PlyCount "84"]
[EventDate "1995.08.??"]
[EventType "tourn"]
[EventRounds "11"]
[EventCountry "NED"]
[EventCategory "16"]
[SourceTitle "CBM 049"]
[Source "ChessBase"]
[SourceDate "1995.12.01"]
[SourceVersion "1"]
[SourceVersionDate "1995.12.01"]
[SourceQuality "1"]

1. d4 {Stohl} Nf6 2. Bg5 Ne4 3. Bf4 c5 4. f3 Qa5+ 5. c3 Nf6 6. Nd2 cxd4 7. Nb3
Qf5 {there are many possible retreats here: Qd8, Qb6 and even Qh5 ( Judith
Polgar tried it once against me)} (7... Qh5 {Stohl} 8. cxd4 d5 9. g4 Qh4+ 10.
Bg3 Qh6 11. h4 Nfd7 12. Rc1 Na6 13. Nh3 Qb6 14. e3 e6 15. a3 Be7 16. Bd3 Nf8
17. Rc3 Bd7 18. Qc1 Bb5 19. Bb1 Nd7 20. Nf4 Bd6 21. Kf2 Ba4 22. Nd2 Nc7 23. Nh5
Bxg3+ 24. Nxg3 $14 {Salov,V-Polgar,J/Madrid/1995/}) (7... Qb6 $142 {Stohl} 8.
Qxd4 (8. cxd4 e6 9. Bd2 Nc6 10. e3 Bb4 11. Ne2 Bxd2+ 12. Qxd2 O-O 13. Nc3 d6
14. g4 e5 15. d5 Ne7 16. O-O-O a5 17. Kb1 a4 18. Nc1 a3 19. b3 Ra5 20. Bc4 Bd7
21. N1e2 Re8 22. Ka1 Qb4 23. Ne4 Qxd2 24. Nxf6+ gxf6 25. Rxd2 f5 $10 {Hodgson,
J-Kengis,E/Bern op/1995/}) 8... Nc6 (8... d6 9. Qxb6 axb6 10. e4 g6 11. Be3
Nbd7 12. Bb5 Kd8 13. Nd2 Kc7 14. Nc4 h5 15. Nh3 Bg7 16. Ng5 Rf8 17. O-O Nc5 18.
e5 Nd5 19. exd6+ exd6 20. Bf2 Bd7 21. Bxd7 Nxd7 22. Ne4 Kc6 23. Rfd1 b5 24. Ne3
$16 {Kishnev,S-Levin,F/2.BLW 9495/1995/}) 9. Qxb6 axb6 10. Be3 b5 11. Nd4 b4
12. Nb5 Ra4 13. Nc7+ Kd8 14. Bb6 bxc3 15. Ne6+ {0,5/Milov,V-Smirin,I/Struga zt/
1995/}) 8. Bxb8 (8. Qxd4 $6 {Stohl} Nc6 9. Qd2 e5 10. Be3 d5 {[%csl Gd5,Ge5]
->[+]} 11. g4 Qe6 12. g5 d4 13. gxf6 dxe3 14. Qxe3 Qxf6 15. Bh3 Qh4+ 16. Qf2
Qh6 17. Bxc8 Rxc8 18. e3 Be7 19. Ne2 Bh4 20. Ng3 Bxg3 21. Qxg3 Qxe3+ 22. Kf1
Rd8 23. Re1 Qh6 24. Kf2 O-O $19 {Zucchelli,M-Ragozin,E/Linares op/1995/}) 8...
Rxb8 9. Qxd4 {the point: pawn a7 is now attacked, therefore Black has to allow
advance of the "e" pawn  Black has gained the ^^, but White gets some tempi by
chasing his pieces (Qf5,Nf6) around.} b6 10. e4 Qf4 11. Nh3 (11. Ne2 {Stohl}
Qc7 12. e5 Ng8 13. O-O-O (13. c4 f6 $1 14. f4 fxe5 15. fxe5 g6 16. e6 Nf6 17.
Nc3 dxe6 18. Nb5 Qb7 19. Be2 Qxg2 20. Qe5 Qxh1+ 21. Kf2 Ne4+ 22. Ke3 Bh6+ 23.
Kd3 Nf2+ 24. Kc3 O-O $1 $19 {Tregubov,P-Varavin,V/RUS-ch Elista/1994/}) 13...
e6 (13... f6 $1 $13) 14. Ng3 f5 15. Bd3 Ne7 16. Rhe1 Nc6 17. Qf4 Be7 18. Nxf5
exf5 19. Qxf5 g6 20. Qe4 b5 21. h4 O-O 22. Kb1 Kg7 23. h5 $44 {Gerstner,
W-Palos,O/Baden Baden op/1988/}) 11... Qc7 (11... Qh4+ $2 {Stohl} 12. g3 Qh6
13. e5 d6 14. exf6 Bxh3 15. Bxh3 e5 16. Qa4+ b5 17. Qxa7 {1-0/Gonzalez de la
Nava,A-Cubas,J/ESP-ch Linares/1993/}) 12. e5 Ng8 13. O-O-O {probably a new
move, though I'm not sure} (13. Nf2 $5 {Stohl} Bb7 (13... f5 $142 $14) 14.
O-O-O Nh6 15. Bb5 Rd8 16. Ne4 Nf5 17. Qd3 g6 18. g4 Bh6+ $2 19. Kb1 Ng7 20. g5
Bxg5 21. Nxg5 Qxe5 22. Bxd7+ Kf8 23. Qb5 {1-0/Hergott,D-Belotti,B/Moscow olm/
1994/}) 13... e6 (13... f6 {Stohl} 14. f4 $5 {/\} (14. exf6 Nxf6 15. Nf4 {@} a6
$5 (15... e6 16. Bb5 $36) 16. Nd5 Nxd5 17. Qxd5 g6 $13) 14... fxe5 15. fxe5 g6
16. e6 Nf6 17. Bb5 Bh6+ 18. Kb1 $16) 14. f4 {()} (14. Nf2 {Stohl} f5 $5 $13)
14... f5 {An important move. It denies White the e4-square and closes the
b1-h7 diagonal.} 15. Be2 {although Black is awfully behind in development,
it's not easy to demonstrate a direct way to crack his position: the only
weakness in his camp is the pawn d7 and for the moment it is well protected.
Tempting 15.Qa4 (with the idea to exchange bishops by Ba6) may be rebuffed by
the cold 15...a6.} Nh6 16. Rhg1 Be7 17. g4 (17. Nf2 {Stohl} O-O 18. g4 fxg4 19.
Nxg4 Nf5 20. Qd2 d6 $13) 17... fxg4 18. Bxg4 O-O 19. Qd3 $1 {a multipurpose
move: White liberates the square d4 for his poorly placed Knight, targets the
h7 pawn and prepares Qg3} (19. Bf3 $6 {Stohl} Nf5 20. Qd3 d6 $15) 19... Kh8 $2
{there is no time for profilaxis already; it was urgent to start counterplay
by 19...b5!} (19... Nxg4 $2 {Stohl} 20. Rxg4 $40) (19... Rd8 {Stohl} 20. Nd4 {
[%cal Rd4b5,Rb5d6] /\Nb5-d6}) 20. Bf3 (20. Nd4 $1 $36 {Stohl}) 20... Nf5 21.
Be4 b5 22. Bxf5 $1 exf5 {An interesting position, with 2N against 2B. Black's
Bishops are still not very active, but this may change, if he manages to open
the center. Salov hurries to exchange one of them.} (22... Rxf5 {would have
allowed an immediate assault:} 23. Nd4 Rh5 (23... Rf8 {Stohl} 24. Ng5 Bxg5 25.
Rxg5 $1 $40 {[%cal Gg1g7] <->g,/\} Rxf4 26. Rxg7 Kxg7 27. Qg3+ $18) 24. Ng5 $1)
23. Nd4 $2 {only momentarily White loosens control over 'd' file and this is
enough to lose initiative} (23. Ng5 $142 $40) 23... d6 $1 24. Qg3 (24. Nxb5 {
is no better in view of} Qb6 25. exd6 Bf6 26. d7 Bxd7 (26... Ba6 {Stohl} 27. c4
(27. a4 Qa5 $40) 27... Qc5 28. Kb1 Bxb5 29. cxb5 Rxb5 $36) 27. Qxd7 Qe3+ 28.
Kb1 Qxh3 $44) 24... g6 25. Ng5 Bxg5 (25... dxe5 $2 {Stohl} 26. Nde6 exf4 27.
Qh3 $18) 26. exd6 $1 (26. Qxg5 dxe5 27. fxe5 Rb6) 26... Qxd6 27. Qxg5 {The Nd4
is now a better piece, than Bc8, but Black still has counterchances.} b4 $1 (
27... Qd5 $2 28. Qe7 Rf7 29. Qe8+ Kg7 30. Nc6 $18) 28. Nf3 (28. c4 $142 $5 {
Stohl} Qc5 29. b3 $14) (28. Nxf5 {Stohl} Qc5 (28... Qc7 29. Nd6 bxc3 30. Qe5+
Kg8 (30... Qg7 31. bxc3 {/\} Rxf4 32. Nf7+ $1 $18) 31. bxc3 $16) 29. Nd4 (29.
Nd6 $2 Qe3+) 29... Qxg5 30. fxg5 bxc3 31. bxc3 Ba6 $44 {[%cal Rf8f2,Rf8c8] /
\Rf2,Rfc8}) 28... Qc5 $1 29. Ne5 {creating a simple but nasty threat: Ng6!} Rb6
$1 (29... bxc3 $2 {Stohl} 30. Nxg6+ hxg6 31. Qh6+ $18) 30. c4 b3 $1 {Black
combines attack and defence in an examplary fashion!} 31. axb3 (31. a3 $5 {
Stohl /\Qh6}) 31... Qe3+ 32. Rd2 (32. Kb1 $6 {Stohl} Qxb3 33. Rd2 Bb7 34. Qe7
Be4+ 35. Kc1 Kg8 $36) 32... Ra6 $1 33. Rg3 (33. Kc2 $6 {Stohl} Bb7 34. Rg3 Be4+
35. Nd3 Qd4 $44 {[%cal Rf8d8,Ra6d6] /\Rd6,Rd8}) 33... Qe1+ 34. Kc2 Bb7 $1 35.
Qe7 $1 Be4+ 36. Rgd3 (36. Kc3 $4 {Stohl} Qc1+ $19) 36... Kg8 $2 {only here
John slips: it was necessary to force draw by} (36... Bxd3+ 37. Rxd3 Qe2+ (
37... Kg8 {Stohl} 38. Rd7 Qe2+ 39. Kc3 Qe3+ $10) 38. Rd2 Qe4+ $10 {but it's
easy to understand him - White had only few seconds left at this moment}) 37.
Kc3 $2 {White doesn't take his chance:} (37. b4 $3 {creating some breathing
space for the king} Ra1 $1 $8 38. Qe6+ $1 (38. Kb3 $2 Bxd3 39. Rxd3 a5 $1 $132)
38... Kh8 (38... Kg7 39. Kb3 $1 Bxd3 40. Rxd3 a5 41. Rd7+ Kh6 42. Nf7+ Rxf7 43.
Qxe1 Rxe1 44. Rxf7 axb4 45. c5 $1 $18) 39. Qd6 $3 {a study-like manoeuvre!} Kg7
(39... Kg8 40. Nxg6 $1 hxg6 41. Qxg6+ Kh8 42. Qh6+ $1 Kg8 43. Kb3 Bxd3 44. Rxd3
$18 {and Black is helpless}) 40. Nd7 $1 {another difficult move} Rf7 41. Qd4+
Kh6 42. Kb3 Bxd3 43. Rxd3 Qf1 44. Qc3 $1 Qxf4 45. Rh3+ Kg5 46. Ne5 $1 $18)
37... Bxd3 38. Kxd3 {The strong N on e5 is sufficient compensation for the
exchange. Black must force a draw.} Rb6 39. Kc2 (39. b4 {Stohl} Qb1+ 40. Kc3
Qc1+ 41. Kd3 Qb1+ $10) 39... Qe4+ 40. Rd3 Qe2+ {now everything ends up
peacefully - both sides are forced to repeat the moves} 41. Rd2 Qe4+ 42. Rd3
Qe2+ {Extremely sharp and complicated game} 1/2-1/2

[Event "Hamburg-ch int"]
[Site "Hamburg"]
[Date "1998.05.31"]
[Round "3"]
[White "Reddmann, Hauke"]
[Black "Nisipeanu, Liviu Dieter"]
[Result "0-1"]
[WhiteElo "2315"]
[BlackElo "2610"]
[Annotator "Sander,R"]
[PlyCount "64"]
[EventDate "1998.05.29"]
[EventType "swiss"]
[EventRounds "9"]
[EventCountry "GER"]
[SourceTitle "CBM 064 Extra"]
[Source "ChessBase"]
[SourceDate "1998.07.07"]
[SourceVersion "1"]
[SourceVersionDate "1998.07.07"]
[SourceQuality "1"]

1. d4 Nf6 2. Bg5 e6 3. e4 c5 4. e5 h6 5. exf6 hxg5 6. fxg7 Bxg7 7. dxc5 Bxb2 8.
Nd2 Qc7 9. Rb1 Qxc5 10. Ngf3 Bc3 11. Rb5 Qc7 12. Rxg5 d5 13. Bb5+ Bd7 14. Qe2
Bxb5 15. Qxb5+ Nc6 16. h3 O-O-O 17. O-O Nd4 18. Nxd4 Bxd4 19. Nb3 Bb6 20. c4
dxc4 21. Rg4 Kb8 22. Qxc4 Qxc4 23. Rxc4 Rh5 24. Kh2 Re5 25. Rc2 Re4 26. f4 a5
27. h4 Rd5 28. Kg3 Be3 29. Nc1 Bd2 30. Nb3 Rd3+ 31. Kg4 $2 (31. Rf3 Bxf4+ 32.
Kf2) 31... Bxf4 32. Nc5 (32. Rxf4 f5+ 33. Kg5 Rg3+ 34. Kf6 Rxf4 $19) 32... Rg3+
0-1

[Event "Salou-A"]
[Site "Salou"]
[Date "2000.10.16"]
[Round "1"]
[White "Stefanova, Antoaneta"]
[Black "Ivanov, Jordan"]
[Result "1-0"]
[WhiteElo "2514"]
[BlackElo "2461"]
[Annotator "Schluricke,R"]
[PlyCount "56"]
[EventDate "2000.10.16"]
[EventType "tourn"]
[EventRounds "9"]
[EventCountry "ESP"]
[EventCategory "10"]
[SourceTitle "CBM 080"]
[Source "ChessBase"]
[SourceDate "2001.01.25"]
[SourceVersion "1"]
[SourceVersionDate "2001.01.25"]
[SourceQuality "1"]

1. d4 Nf6 2. Bg5 Ne4 3. h4 d5 4. Nd2 Nxg5 5. hxg5 c5 6. dxc5 e5 7. e4 Bxc5 8.
Nb3 d4 9. Nxc5 Qa5+ 10. c3 Qxc5 11. cxd4 exd4 12. Rc1 Qb4+ 13. Qd2 Qxd2+ 14.
Kxd2 Nc6 15. Bb5 Bd7 16. Nf3 O-O 17. Rh4 Rad8 18. Rch1 h6 19. gxh6 g6 20. Bc4
Be6 21. Bxe6 fxe6 22. Rg4 Ne7 23. Rc1 Rc8 24. Rxc8 Rxc8 25. Nxd4 Rd8 26. Ke3
Rd6 27. Nf3 Rb6 28. Rg5 $2 {Wahrscheinlich Zeitnot auf beiden Seiten.} (28. Rf4
Rxb2 29. Ng5 $18) 28... Rxb2 1-0

[Event "Hastings 9192"]
[Site "Hastings"]
[Date "1991.??.??"]
[Round "13"]
[White "Hodgson, Julian M"]
[Black "Chandler, Murray G"]
[Result "0-1"]
[WhiteElo "2570"]
[BlackElo "2605"]
[Annotator "Schussler,H"]
[PlyCount "71"]
[EventDate "1991.12.??"]
[EventType "tourn"]
[EventRounds "14"]
[EventCountry "ENG"]
[EventCategory "14"]
[SourceTitle "CBM 027"]
[Source "ChessBase"]
[SourceDate "1992.04.01"]
[SourceVersion "1"]
[SourceVersionDate "1992.04.01"]
[SourceQuality "1"]

1. d4 Nf6 2. Bg5 c5 {Invites 3.Bxf6!? gxf6 4.d5.} (2... Ne4 3. Bf4 c5 4. f3 $5
{4.d5} Qa5+ $5 5. c3 Nf6 6. d5 d6 7. e4 g6 8. Nd2 Bg7 9. Bd3 O-O 10. Ne2 Qd8 $5
{10. - 0-0? 11.Nc4} 11. O-O e6 $10 {Meduna,E-Stohl,I, Prague 1992 (CBM 27 game
958).}) 3. d5 Ne4 4. Bf4 Qb6 5. Nd2 {5.Qc1 e6 is unclear.} Qxb2 $5 (5... Nxd2
6. Qxd2 Qxb2 7. Rd1 d6 $13) 6. Nxe4 Qb4+ 7. Qd2 Qxe4 8. e3 (8. f3 Qd4 9. Qxd4
cxd4 10. Rd1 d6 $10) 8... e6 9. c4 e5 10. f3 Qf5 11. Bd3 $2 {11.Bg3 =} Qf6 12.
Bg3 e4 $19 13. Rb1 exd3 14. Qxd3 d6 15. Ne2 Nd7 16. Nc3 Be7 17. O-O Ne5 18. Qc2
O-O 19. f4 Qg6 (19... Nxc4 $6 20. Ne4 Qg6 21. Qxc4 Bf5 22. Rxb7 Bxe4 23. Rxe7
Bd3 $17) 20. e4 Nxc4 21. Qe2 b5 22. Nxb5 Nb6 23. f5 Qh6 24. Bf4 Qf6 25. Nc7 Rb8
26. g4 Qd4+ 27. Kh1 Bd7 28. g5 Na4 29. Rxb8 Rxb8 30. f6 Nc3 31. Qf3 Bf8 32.
fxg7 Bxg7 33. Bd2 Rf8 34. Bxc3 Qxc3 35. Qe2 Qa5 36. Ne6 0-1

[Event "Zagreb zt"]
[Site "Zagreb"]
[Date "1993.??.??"]
[Round "8"]
[White "Kovacevic, Vlatko"]
[Black "Smirin, Ilia"]
[Result "0-1"]
[WhiteElo "2485"]
[BlackElo "2590"]
[Annotator "Schussler,H"]
[PlyCount "58"]
[EventDate "1993.03.??"]
[EventType "tourn"]
[EventRounds "13"]
[EventCountry "CRO"]
[EventCategory "11"]
[SourceTitle "CBM 035"]
[Source "ChessBase"]
[SourceDate "1993.08.01"]
[SourceVersion "1"]
[SourceVersionDate "1993.08.01"]
[SourceQuality "1"]

1. d4 Nf6 2. Bg5 Ne4 3. Bf4 (3. Bh4 c5 4. f3 g5 5. fxe4 gxh4 6. e3 Bh6 7. Kf2
O-O 8. Qh5 Qb6 9. Nf3 cxd4 10. exd4 Bg7 11. e5 Nc6 12. Bd3 h6 13. Nbd2 Nxe5 (
13... Nxd4 $2 14. Nc4 Qc5 15. b4 Qd5 16. Ne3 $18) 14. Qxh4 Nxd3+ 15. cxd3 d5
16. Qxe7 Qxb2 17. Qc5 b6 18. Qxd5 Be6 19. Qe4 Bxa2 $15 {Danielian,O-Lputian,S,
Protvino zt 1993.}) 3... c5 4. f3 Qa5+ 5. c3 Nf6 6. Nd2 (6. d5 e6 (6... Qb6 7.
b3 $1 e6 8. e4 exd5 9. exd5 Bd6 10. Bg5 $1 Be7 $14) 7. e4 exd5 8. exd5 d6 9.
Ne2 Nbd7 10. Nd2 Nb6 11. b4 $1 cxb4 12. c4 $1 $16 {Gulko,B-Browne,W,USA-ch 1992
}) 6... cxd4 7. Nb3 {7.cxd4? Nd5} Qb6 8. Qxd4 Nc6 {(Browne,W)} (8... Qxd4 9.
cxd4 d5 10. e3 e6 11. g4 {+/=/+/- Salov,V-Akopian,V,Wijk m (2) 1993}) 9. Qxb6
axb6 10. a3 $5 {New} (10. e4 d5 $10) 10... d5 11. Bc7 e5 $1 12. Bxb6 d4 $1 13.
cxd4 Be6 14. Nc5 Nd5 $1 $17 15. Nxe6 fxe6 16. Bc5 Nxd4 17. Bxd4 exd4 18. Rc1
Bd6 19. e4 dxe3 20. Bc4 Be5 21. Bxd5 exd5 22. Rc2 {22.Ke2!?} Ke7 23. Ne2 Rhc8
24. Kd1 Rc6 25. f4 Bf6 26. Rxc6 bxc6 $19 27. Kc2 Kd6 28. Rd1 c5 29. Rd3 d4 0-1

[Event "Hoogovens op"]
[Site "Wijk aan Zee"]
[Date "1993.01.??"]
[Round "11"]
[White "Sokolov, Ivan"]
[Black "Smirin, Ilia"]
[Result "1/2-1/2"]
[WhiteElo "2640"]
[BlackElo "2590"]
[Annotator "Schussler,H"]
[PlyCount "66"]
[EventDate "1993.01.??"]
[EventType "swiss"]
[EventRounds "12"]
[EventCountry "NED"]
[SourceTitle "CBM 034"]
[Source "ChessBase"]
[SourceDate "1993.06.01"]
[SourceVersion "1"]
[SourceVersionDate "1993.06.01"]
[SourceQuality "1"]

1. d4 Nf6 2. Bg5 Ne4 (2... g6 3. Bxf6 exf6 4. e3 f5 5. Ne2 Bg7 6. g3 O-O 7. Bg2
d6 8. c4 c5 9. Nbc3 cxd4 10. exd4 Nc6 11. Qd2 $14 {Sokolov,I-Har Zvi,R, Wijk
op, CBM 34 game 943.} f4) (2... e6 3. e4 d6 $6 {3. - h6!} 4. Nc3 Be7 5. Nf3 O-O
6. Qd2 Nc6 7. Bb5 Bd7 8. O-O-O a6 9. Bxc6 Bxc6 10. Rhe1 $14 {Piket,J-Oll,L,
Wijk 1993, CBM game 906}) 3. Bf4 c5 (3... d5 4. Nd2 Bf5 5. e3 e6 {5. - Sxd2!? =
} 6. Bd3 $1 Bd6 {6. - Nxd2!?} 7. Bxe4 $1 dxe4 8. Ne2 Nc6 9. Nc4 Bg4 10. c3 O-O
11. d5 $1 exd5 12. Nxd6 cxd6 13. Qxd5 $16 {Lputian,S-Winants,L, Wijk op 1993,
CBM 34 game 886}) 4. f3 Qa5+ (4... Nf6 5. d5 Qb6 6. e4 Qxb2 7. Nd2 Qc3 8. Bd3
d6 9. Ne2 Qa5 10. O-O g6 11. e5 dxe5 12. Bxe5 Nbd7 13. Bc3 Qc7 14. Bb5 Bg7 15.
Bxd7+ Qxd7 $1 $14 {Goldin,A-Aseev,K, St. Petersburg 1993, CBM 34 game 643.}) 5.
c3 Nf6 6. d5 $1 (6. Nd2 cxd4 7. Nb3 Qb6 8. Qxd4 Qxd4 9. cxd4 d5 10. e3 e6 11.
g4 $1 {+/=/=, Salov,V-Akopian,V, Wijk m (2), CBM 34 game 758.}) 6... Qb6 $5 (
6... e6 7. e4 exd5 8. exd5 d6 9. Ne2 $5 {New} Nbd7 10. Nd2 Nb6 11. b4 cxb4 12.
c4 $16 {Gulko,B-Browne,W, USA-ch, 1992.}) 7. b3 $1 {Better than 7.Bc1?! which
Van der Wiel played against Kasparov some years ago.} e6 8. e4 $1 (8. dxe6 $6
Qxe6 9. c4 d5 $15 {Alexandrov,Akopian, Oakham 1992.}) 8... exd5 9. exd5 Bd6 10.
Nh3 (10. Bg5 $1 O-O {10. - Be7! =/+} 11. Bxf6 Re8+ 12. Be2 gxf6 13. Nd2 $1 (13.
Nh3 $6 c4 $1 $13) 13... Qc7 $6 {13. - Bf8! (Hall,J)} 14. Ne4 $16 {Hall,
J-Khenkin, La Coruna 1992}) 10... O-O (10... Bxf4 11. Nxf4 Qd6 $6 12. Qe2+ $1
Kd8 13. Qd2 $14) 11. Qd2 Re8+ 12. Be2 c4 $1 13. Bxd6 {13.b4 a5!} Qxd6 14. bxc4
b5 $1 15. cxb5 a6 $5 16. c4 axb5 17. cxb5 {17.Nc3!?} Qe5 18. Nc3 Nxd5 19. Qxd5
Qxc3+ 20. Kf2 Bb7 $1 $10 (20... Qe3+ 21. Kg3 $16) 21. Qc4 (21. Qxb7 $2 Qc5+ 22.
Kg3 Ra7 $19) 21... Qe3+ 22. Kg3 {22.Kf1?! Ra3} h5 23. Qf4 Qxf4+ 24. Nxf4 g5 25.
Nxh5 Rxe2 26. Rhc1 f5 (26... Re6 $2 27. Rc7 Rb6 28. a4 $16 {(Sokolov,I)}) 27.
Rc7 f4+ 28. Kh3 g4+ 29. Kh4 (29. fxg4 Bxg2+ 30. Kh4 f3 31. Kg3 f2 32. Kxg2 Re1
$19) (29. Kxg4 Rxg2+ 30. Kxf4 Ra4+ $17) 29... gxf3 $1 30. Rxb7 fxg2 31. Nxf4
Rf2 32. Nxg2 $1 {32.Kg3? Rf1 - +} (32. Nh3 $2 Rf1 $1 $19) 32... Rxg2 33. Rc1
Rxh2+ {34.Kg3 Rhxa2 35.Rc8+ =} 1/2-1/2

[Event "Oakham YM"]
[Site "Oakham"]
[Date "1992.??.??"]
[Round "5"]
[White "Aleksandrov, Aleksej"]
[Black "Akopian, Vladimir Eduardovic"]
[Result "0-1"]
[WhiteElo "2460"]
[BlackElo "2605"]
[Annotator "Schussler,H"]
[PlyCount "44"]
[EventDate "1992.03.??"]
[EventType "swiss"]
[EventRounds "9"]
[EventCountry "ENG"]
[SourceTitle "CBM 030"]
[Source "ChessBase"]
[SourceDate "1992.10.01"]
[SourceVersion "1"]
[SourceVersionDate "1992.10.01"]
[SourceQuality "1"]

1. d4 Nf6 2. Bg5 Ne4 3. Bf4 (3. Bh4 {3.h4?! - Adams,M-Lesiege,A, Oakham 1992,
CBM 30 game 574.} d5 (3... g5 {3. - c5 4.Nd2 Rausis,I-Piesina,G, Moscow 1992.
CBM 30 game 36.} 4. f3 gxh4 5. fxe4 c5 6. e3 Qb6 7. Nc3 e6 8. Nf3 Qxb2 9. Nb5
Qb4+ 10. Kf2 cxd4 $5 11. Qxd4 {11.Nc7+!?.} Qxd4 12. exd4 Na6 $10 {Aleksandrov,
A-Bologan,V, Oakham 1992. CBM 30 game 581.}) 4. Nd2 Bf5 5. f3 Nd6 6. c4 c6 7.
e3 $10 {Rausis,I-Naumkin,I, Moscow 1992, CBM 30 game 26.}) 3... c5 4. f3 Qa5+
$5 5. c3 (5. Nd2 Nxd2 6. Bxd2 Qb6 7. Bc3 d5 $10) 5... Nf6 6. d5 Qb6 7. b3 (7.
Qd2 Nxd5 8. Qxd5 Qxb2 9. Qb3 Qxa1 10. e4 $13) 7... e6 8. dxe6 Qxe6 9. c4 d5 $15
10. Nc3 d4 11. Nb5 Na6 12. e4 dxe3 13. Rc1 $2 {13.Qe2! =/+.} Nh5 $1 $17 14.
Nd6+ Bxd6 15. Bxd6 Bd7 16. g4 Bc6 $1 $19 17. Rc3 O-O-O 18. gxh5 Rxd6 19. Qe2
Qf6 20. Bh3+ Kb8 21. Rxe3 Rhd8 22. Qg2 Nb4 0-1

[Event "Pardubice"]
[Site "Pardubice"]
[Date "1993.??.??"]
[Round "9"]
[White "Hodgson, Julian M"]
[Black "Nunn, John DM"]
[Result "1/2-1/2"]
[WhiteElo "2625"]
[BlackElo "2590"]
[Annotator "Schussler,H"]
[PlyCount "81"]
[EventDate "1993.07.??"]
[EventType "tourn"]
[EventRounds "9"]
[EventCountry "CZE"]
[EventCategory "14"]
[SourceTitle "CBM 037"]
[Source "ChessBase"]
[SourceDate "1993.12.01"]
[SourceVersion "1"]
[SourceVersionDate "1993.12.01"]
[SourceQuality "1"]

1. d4 Nf6 2. Bg5 Ne4 3. Bf4 c5 4. f3 (4. d5 Qb6 5. Nd2 Nxd2 6. Bxd2 d6 {
6. - Qxb2} 7. Bc3 Nd7 8. e4 Nf6 9. Qe2 g6 10. O-O-O $14 {David,Al-Jansa,V,
Prague 1993}) 4... Qa5+ 5. c3 Nf6 6. Nd2 (6. d5 $5 e6 (6... Qb6 7. b3 e6 8. e4
exd5 9. exd5 Bd6 10. Bg5 $14) 7. e4 exd5 8. exd5 d6 9. Ne2 Nbd7 10. Nd2 Nb6 11.
b4 $1 cxb4 12. c4 $1 $16 {Gulko,B-Browne,W, USA-ch 1992}) 6... cxd4 7. Nb3 Qb6
(7... Qd8 8. cxd4 g6 9. e4 Bg7 10. Bd3 O-O 11. Ne2 $14 {Adams,M-Georgiev,Ki,
Las Palmas 1993}) 8. cxd4 (8. Qxd4 Qxd4 {8. - Nc6 (Browne,W)} 9. cxd4 d5 10. e3
e6 11. g4 {+/=/= Salov,V-Akopian,V, Wijk 1993}) 8... d5 9. Rc1 Nc6 10. e3 a5 $5
{10.- e6} 11. a4 e5 (11... e6 12. Bb5 Bb4+ 13. Kf2 $14) 12. dxe5 Nh5 13. Bb5
Nxf4 14. exf4 Bb4+ 15. Kf1 O-O 16. Ne2 Be6 17. Ned4 Rac8 $10 18. Ke2 Bd7 19.
Qd3 Nxd4+ 20. Nxd4 Bxb5 21. Nxb5 Qh6 22. Qf5 $6 {22.h3} Rxc1 23. Rxc1 Qxh2 24.
Qg5 h6 25. Qg4 f5 $15 26. exf6 Rxf6 27. Rc7 Bf8 28. Nc3 Kh7 29. Rxb7 Rg6 30.
Qf5 Qxg2+ 31. Kd3 Bb4 32. Nxd5 Qxb2 33. Qe4 Qb3+ 34. Kd4 h5 35. Rb6 Qb2+ 36.
Kc4 Qc1+ 37. Kb3 Qd1+ 38. Kc4 Qf1+ 39. Kb3 Qd1+ 40. Kc4 Qc1+ 41. Kb3 1/2-1/2

[Event "Alushta"]
[Site "Alushta"]
[Date "1993.??.??"]
[Round "?"]
[White "Zlochevskij, Alexander"]
[Black "Timoshenko, Georgy"]
[Result "1/2-1/2"]
[WhiteElo "2455"]
[BlackElo "2515"]
[Annotator "Schussler,H"]
[PlyCount "33"]
[EventDate "1993.??.??"]
[EventType "tourn"]
[EventRounds "9"]
[EventCountry "UKR"]
[EventCategory "10"]
[SourceTitle "CBM 036"]
[Source "ChessBase"]
[SourceDate "1993.10.01"]
[SourceVersion "1"]
[SourceVersionDate "1993.10.01"]
[SourceQuality "1"]

1. d4 Nf6 2. Bg5 Ne4 3. Bh4 c5 4. f3 g5 5. fxe4 gxh4 6. e3 e6 $5 (6... Bh6 7.
Kf2 O-O 8. Qh5 Qb6 9. Nf3 cxd4 10. exd4 Bg7 11. e5 Nc6 12. Bd3 h6 13. Nbd2 Nxe5
$13 {Danielian,O-Lputian,S, Protvina zt 1993}) 7. Nd2 Bh6 8. Nc4 {8.Nf3} d5 9.
Qh5 $1 Qg5 10. Qxg5 Bxg5 11. Nf3 $1 Be7 12. exd5 exd5 13. Nce5 Rg8 14. Kf2 $14
c4 15. Nd2 (15. Be2 $2 f6 $15) 15... Nd7 16. Nxd7 Bxd7 17. Be2 $14 1/2-1/2